[Event "Southend Masters"]
[Site "Southend"]
[Date "2024.03.29"]
[Round "4.7"]
[White "Villiers, Thomas"]
[Black "Kalavannan, Koby"]
[Result "1/2-1/2"]
[WhiteElo "2225"]
[BlackElo "2324"]
[PlyCount "190"]
[EventDate "2024.03.28"]
[EventType "swiss"]
[EventRounds "9"]
[EventCountry "ENG"]
[SourceTitle "BritBase"]
[Source "John Saunders"]
[SourceDate "2024.05.09"]
[SourceVersion "1"]
[SourceVersionDate "2024.05.09"]
[SourceQuality "1"]

1. Nf3 Nf6 2. c4 b6 3. d4 Bb7 4. Nc3 e6 5. g3 Bb4 6. Bg2 c5 7. O-O cxd4 8. Nb5
O-O 9. Bf4 Na6 10. Bd6 Bxd6 11. Nxd6 Bc6 12. Nxd4 Bxg2 13. Kxg2 Qc7 14. N4b5
Qc6+ 15. Kg1 Nc5 16. Qd4 a6 17. Nc3 Rad8 18. Rfd1 Nb7 19. b3 Nxd6 20. Qxd6 Qb7
21. Na4 Rb8 22. c5 b5 23. Nb6 Ne4 24. Qd4 d6 25. Nd7 Qxd7 26. Qxe4 d5 27. b4
Qc7 28. Qd3 Rfd8 29. a4 g6 30. axb5 Rxb5 31. Qc3 Rdb8 32. Rd4 Qc6 33. Qd2 a5
34. bxa5 Qxc5 35. a6 Rb1+ 36. Rxb1 Rxb1+ 37. Kg2 Ra1 38. e4 Rxa6 39. exd5 Rd6
40. Qe3 Rxd5 41. Rxd5 Qxd5+ 42. Kg1 Qd1+ 43. Kg2 Qd5+ 44. Kg1 e5 45. h4 Kg7 46.
Kh2 Qd4 47. Qf3 Qd2 48. Kg2 h5 49. Qc6 Qe2 50. Qd5 Qb2 51. Qc6 Qd4 52. Qf3 Kf8
53. Qa8+ Ke7 54. Qb7+ Ke6 55. Qc6+ Qd6 56. Qe8+ Kf6 57. Qh8+ Ke7 58. Qa8 Qc5
59. Qb7+ Kf6 60. Qa6+ Kf5 61. Qd3+ Ke6 62. Qa6+ Qd6 63. Qc8+ Qd7 64. Qa6+ Ke7
65. Qa8 Qb5 66. Kg1 Kf6 67. Qh8+ Kf5 68. Qc8+ Ke4 69. Kg2 Kd3 70. Qa8 Qc4 71.
Qf3+ Kd4 72. Qf6 Qd5+ 73. Kg1 Ke4 74. Qe7 Kf3 75. Qf6+ Ke2 76. Qa6+ Kd2 77. Qa3
Qe4 78. Qa2+ Ke1 79. Qa1+ Kd2 80. Qa2+ Kd1 81. Qa1+ Ke2 82. Qa2+ Kf3 83. Qxf7+
Qf5 84. Qb3+ Kg4 85. Kg2 e4 86. Qd1+ Qf3+ 87. Qxf3+ exf3+ 88. Kf1 Kh3 89. Kg1
Kg4 90. Kf1 Kf5 91. Ke1 Ke5 92. Kd2 Kd4 93. Kc2 Kc4 94. Kd2 Kd4 95. Kc2 Kc4
1/2-1/2

[Event "Southend Masters"]
[Site "Southend"]
[Date "2024.03.29"]
[Round "4.9"]
[White "Agdelen, Huseyin Can"]
[Black "Wong, Jianwen"]
[Result "1/2-1/2"]
[WhiteElo "2408"]
[BlackElo "2254"]
[PlyCount "70"]
[EventDate "2024.03.28"]
[EventType "swiss"]
[EventRounds "9"]
[EventCountry "ENG"]
[SourceTitle "BritBase"]
[Source "John Saunders"]
[SourceDate "2024.05.09"]
[SourceVersion "1"]
[SourceVersionDate "2024.05.09"]
[SourceQuality "1"]

1. e4 c5 2. Nf3 Nc6 3. Bb5 e5 4. O-O Bd6 5. d4 Nxd4 6. Nxd4 cxd4 7. c3 Bc5 8.
Qh5 Qe7 9. cxd4 Bxd4 10. Nc3 Nf6 11. Qh4 a6 12. Ba4 b5 13. Bb3 Bb7 14. Ne2 Nxe4
15. Qxe7+ Kxe7 16. Nxd4 exd4 17. Re1 Kf6 18. Rd1 Nc5 19. Rxd4 Nxb3 20. axb3 Bc6
21. Bd2 h5 22. Rd6+ Kf5 23. f3 f6 24. Kf2 Rhe8 25. b4 Re7 26. Bc3 Re6 27. Rd2
g5 28. h3 h4 29. Rad1 Kg6 30. Rd6 Rae8 31. Rxe6 Rxe6 32. Ra1 Bd5 33. Rd1 Bc6
34. Ra1 Bb7 35. Rd1 Bc6 1/2-1/2

[Event "Southend Masters"]
[Site "Southend"]
[Date "2024.03.29"]
[Round "4.10"]
[White "Jackson, James P"]
[Black "Haydon, David L"]
[Result "1-0"]
[WhiteElo "2371"]
[BlackElo "2241"]
[PlyCount "89"]
[EventDate "2024.03.28"]
[EventType "swiss"]
[EventRounds "9"]
[EventCountry "ENG"]
[SourceTitle "BritBase"]
[Source "John Saunders"]
[SourceDate "2024.05.09"]
[SourceVersion "1"]
[SourceVersionDate "2024.05.09"]
[SourceQuality "1"]

1. e4 e5 2. Nf3 Nc6 3. Bc4 Bc5 4. Nc3 d6 5. Na4 Nf6 6. Nxc5 dxc5 7. d3 Qd6 8.
a3 a6 9. h3 Be6 10. Nd2 b5 11. Bxe6 fxe6 12. O-O O-O 13. b4 Nd7 14. bxc5 Nxc5
15. Nf3 Rad8 16. Be3 Na4 17. Nh2 Nd4 18. Bxd4 exd4 19. g3 e5 20. Qd2 Nc3 21.
Kg2 Rd7 22. f4 Rdf7 23. f5 c5 24. Ng4 a5 25. f6 Rxf6 26. Nxf6+ Rxf6 27. Rxf6
Qxf6 28. Rf1 Qe7 29. Qf2 g6 30. Qf6 Qxf6 31. Rxf6 a4 32. Re6 Nd1 33. Rxe5 Ne3+
34. Kf3 Nxc2 35. Rxc5 Nxa3 36. Kf4 b4 37. Ke5 Kf7 38. Kxd4 Ke6 39. Ra5 Nc2+ 40.
Kc4 a3 41. d4 b3 42. Ra6+ Kd7 43. Kxb3 Nxd4+ 44. Kc4 Nc2 45. Kc3 1-0

[Event "Southend Masters"]
[Site "Southend"]
[Date "2024.03.29"]
[Round "4.11"]
[White "Browning, Alex"]
[Black "Ribeiro, Gustavo"]
[Result "1-0"]
[WhiteElo "2313"]
[BlackElo "2220"]
[PlyCount "69"]
[EventDate "2024.03.28"]
[EventType "swiss"]
[EventRounds "9"]
[EventCountry "ENG"]
[SourceTitle "BritBase"]
[Source "John Saunders"]
[SourceDate "2024.05.09"]
[SourceVersion "1"]
[SourceVersionDate "2024.05.09"]
[SourceQuality "1"]

1. d4 Nf6 2. Nf3 e6 3. e3 d5 4. c4 Be7 5. Nc3 O-O 6. Bd3 dxc4 7. Bxc4 c5 8. O-O
Nc6 9. Bb3 cxd4 10. exd4 b6 11. a3 Bb7 12. Bc2 Qd7 13. Qd3 Rfd8 14. Rd1 g6 15.
Bh6 Rac8 16. Qe2 Qe8 17. h3 a6 18. Bb3 b5 19. Rac1 b4 20. axb4 Bxb4 21. d5 exd5
22. Qxe8+ Rxe8 23. Nxd5 Nxd5 24. Bxd5 Na5 25. Rxc8 Rxc8 26. Ba2 Bf8 27. Bxf8
Rxf8 28. Ne5 Bc6 29. Rd6 Bb5 30. Bd5 Kg7 31. b4 Re8 32. f4 f6 33. Ng4 Re1+ 34.
Kh2 Rd1 35. bxa5 1-0

[Event "Southend Masters"]
[Site "Southend"]
[Date "2024.03.29"]
[Round "4.12"]
[White "Gallagher, Daniel GH"]
[Black "Bezuidenhout, Roland"]
[Result "1-0"]
[WhiteElo "2219"]
[BlackElo "2273"]
[PlyCount "47"]
[EventDate "2024.03.28"]
[EventType "swiss"]
[EventRounds "9"]
[EventCountry "ENG"]
[SourceTitle "BritBase"]
[Source "John Saunders"]
[SourceDate "2024.05.09"]
[SourceVersion "1"]
[SourceVersionDate "2024.05.09"]
[SourceQuality "1"]

1. e4 c5 2. Nc3 Nc6 3. Nge2 Nd4 4. Nxd4 cxd4 5. Nb5 e5 6. Qh5 d6 7. Bc4 g6 8.
Qf3 Qe7 9. Qa3 Nf6 10. d3 d5 11. exd5 Qxa3 12. bxa3 Kd7 13. f4 a6 14. fxe5 axb5
15. Bxb5+ Kc7 16. exf6 Bxa3 17. Bf4+ Bd6 18. O-O Rd8 19. Bc4 Bf5 20. Rae1 Bxf4
21. Rxf4 b5 22. Bb3 Ra6 23. Re7+ Kd6 24. g4 1-0

[Event "Southend Masters"]
[Site "Southend"]
[Date "2024.03.29"]
[Round "4.13"]
[White "Kawulok, Marek"]
[Black "Jones, Steven A"]
[Result "1-0"]
[WhiteElo "2245"]
[BlackElo "2217"]
[PlyCount "53"]
[EventDate "2024.03.28"]
[EventType "swiss"]
[EventRounds "9"]
[EventCountry "ENG"]
[SourceTitle "BritBase"]
[Source "John Saunders"]
[SourceDate "2024.05.09"]
[SourceVersion "1"]
[SourceVersionDate "2024.05.09"]
[SourceQuality "1"]

1. c4 g6 2. Nc3 Bg7 3. d4 c5 4. d5 Bxc3+ 5. bxc3 f5 6. e4 fxe4 7. f3 d6 8. fxe4
e5 9. Nf3 Nf6 10. Bd3 Bg4 11. O-O Nbd7 12. Bh6 Qe7 13. Qd2 Bxf3 14. Rxf3 O-O-O
15. Raf1 Nh5 16. Bg5 Qg7 17. Bxd8 Rxd8 18. g3 Nhf6 19. Bc2 Rf8 20. Qf2 Kc7 21.
h3 g5 22. Rf5 h5 23. Qe3 g4 24. h4 Rg8 25. Ba4 Qg6 26. Bxd7 Nxd7 27. Qg5 1-0

[Event "Southend Masters"]
[Site "Southend"]
[Date "2024.03.29"]
[Round "4.14"]
[White "Badacsonyi, Frankie"]
[Black "Ribeiro, Rodrigo"]
[Result "1-0"]
[WhiteElo "2160"]
[BlackElo "2271"]
[PlyCount "77"]
[EventDate "2024.03.28"]
[EventType "swiss"]
[EventRounds "9"]
[EventCountry "ENG"]
[SourceTitle "BritBase"]
[Source "John Saunders"]
[SourceDate "2024.05.09"]
[SourceVersion "1"]
[SourceVersionDate "2024.05.09"]
[SourceQuality "1"]

1. d4 d5 2. c4 e6 3. Nf3 Nf6 4. g3 c6 5. Bg2 dxc4 6. Ne5 Be7 7. Nxc4 O-O 8. O-O
Nbd7 9. Nc3 Nb6 10. Ne5 Nfd5 11. Nd3 Re8 12. Qc2 Nb4 13. Nxb4 Bxb4 14. Rd1 Bd6
15. Ne4 Bc7 16. Ng5 g6 17. Ne4 Nd7 18. b3 Qe7 19. Bb2 f5 20. Nd2 e5 21. d5 c5
22. Nc4 Bd6 23. Nxd6 Qxd6 24. Qc3 b5 25. e4 fxe4 26. Bxe4 a5 27. Bg2 Nb6 28. f4
b4 29. Qe3 e4 30. Be5 Rxe5 31. fxe5 Qxe5 32. Qxe4 Qxe4 33. Bxe4 Bb7 34. Rac1
Rc8 35. Bg2 Nd7 36. Bh3 Rd8 37. Bxd7 Rxd7 38. Rxc5 Kf7 39. Rxa5 1-0

[Event "Southend Masters"]
[Site "Southend"]
[Date "2024.03.30"]
[Round "5.1"]
[White "Hollan, Martin"]
[Black "Gumularz, Szymon"]
[Result "1/2-1/2"]
[WhiteElo "2347"]
[BlackElo "2590"]
[PlyCount "44"]
[EventDate "2024.03.28"]
[EventType "swiss"]
[EventRounds "9"]
[EventCountry "ENG"]
[SourceTitle "BritBase"]
[Source "John Saunders"]
[SourceDate "2024.05.09"]
[SourceVersion "1"]
[SourceVersionDate "2024.05.09"]
[SourceQuality "1"]

1. e4 e6 2. d4 d5 3. Nd2 Be7 4. Bd3 c5 5. dxc5 Nf6 6. exd5 Qxd5 7. Ngf3 Qxc5 8.
Qe2 Nbd7 9. O-O Qc7 10. c4 b6 11. b3 Bb7 12. Bb2 O-O 13. Rfd1 Qc6 14. Ne4 Rad8
15. Nxf6+ Bxf6 16. Bxf6 Nxf6 17. Bc2 h6 18. Rxd8 Rxd8 19. Rd1 Qc7 20. Ne5 Kf8
21. Rxd8+ Qxd8 22. Qd3 Qxd3 1/2-1/2

[Event "Southend Masters"]
[Site "Southend"]
[Date "2024.03.30"]
[Round "5.2"]
[White "Janik, Igor"]
[Black "Royal, Shreyas"]
[Result "1/2-1/2"]
[WhiteElo "2497"]
[BlackElo "2457"]
[PlyCount "69"]
[EventDate "2024.03.28"]
[EventType "swiss"]
[EventRounds "9"]
[EventCountry "ENG"]
[SourceTitle "BritBase"]
[Source "John Saunders"]
[SourceDate "2024.05.09"]
[SourceVersion "1"]
[SourceVersionDate "2024.05.09"]
[SourceQuality "1"]

1. Nf3 d5 2. g3 g6 3. Bg2 Bg7 4. d4 Nf6 5. O-O O-O 6. c3 a5 7. a4 b6 8. Bf4 Bb7
9. Re1 Nbd7 10. Nbd2 Re8 11. Qb3 Nh5 12. Be3 e5 13. dxe5 Nxe5 14. Nxe5 Rxe5 15.
Bd4 Re6 16. Bxg7 Kxg7 17. c4 Nf6 18. c5 bxc5 19. Qa3 Qe7 20. e3 Rb6 21. Rac1
Rb4 22. b3 Nd7 23. Qb2+ Qe5 24. Qc2 f5 25. Red1 Qe6 26. Nf3 Qb6 27. Ne1 c6 28.
Rb1 Re8 29. Nd3 Rbe4 30. Rbc1 R4e7 31. Nxc5 Nxc5 32. Qxc5 Qxc5 33. Rxc5 Ra8 34.
Kf1 g5 35. Rd4 1/2-1/2

[Event "Southend Masters"]
[Site "Southend"]
[Date "2024.03.30"]
[Round "5.3"]
[White "Fernandez, Daniel Howard"]
[Black "Abhyuday, Santhosh"]
[Result "1-0"]
[WhiteElo "2532"]
[BlackElo "2150"]
[PlyCount "81"]
[EventDate "2024.03.28"]
[EventType "swiss"]
[EventRounds "9"]
[EventCountry "ENG"]
[SourceTitle "BritBase"]
[Source "John Saunders"]
[SourceDate "2024.05.09"]
[SourceVersion "1"]
[SourceVersionDate "2024.05.09"]
[SourceQuality "1"]

1. d4 Nf6 2. c4 g6 3. Nc3 Bg7 4. e4 d6 5. Bd3 c5 6. d5 e6 7. Nf3 exd5 8. exd5
O-O 9. h3 Na6 10. O-O Nc7 11. a4 a6 12. Bg5 h6 13. Bf4 Nh5 14. Bh2 f5 15. Kh1
Qf6 16. Ra3 Rb8 17. Rb3 Rf7 18. Rb6 Bf8 19. Re1 Na8 20. Rb3 Bd7 21. Nd2 Qd4 22.
Qf3 Re8 23. Re2 b5 24. axb5 axb5 25. Rxe8 Bxe8 26. Nxb5 Qf6 27. g4 Ng7 28. Nc3
Qd8 29. Qg2 Qe7 30. Ne2 Kh7 31. Nf3 Nc7 32. Rb7 fxg4 33. Qxg4 Nf5 34. Nf4 Rf6
35. Ne6 Rxe6 36. dxe6 Bc6 37. Bxf5 Bxb7 38. Qxg6+ Kh8 39. Bxd6 Bxf3+ 40. Kg1
Qg7 41. Be5 1-0

[Event "Southend Masters"]
[Site "Southend"]
[Date "2024.03.30"]
[Round "5.4"]
[White "Petrov, Martin"]
[Black "Pert, Richard G"]
[Result "1-0"]
[WhiteElo "2518"]
[BlackElo "2411"]
[PlyCount "111"]
[EventDate "2024.03.28"]
[EventType "swiss"]
[EventRounds "9"]
[EventCountry "ENG"]
[SourceTitle "BritBase"]
[Source "John Saunders"]
[SourceDate "2024.05.09"]
[SourceVersion "1"]
[SourceVersionDate "2024.05.09"]
[SourceQuality "1"]

1. e4 c6 2. d4 d5 3. e5 Bf5 4. Nf3 e6 5. Be2 Ne7 6. c3 Bg6 7. O-O Nd7 8. Nh4 c5
9. Nd2 Nc6 10. Nxg6 hxg6 11. Nf3 Be7 12. g3 cxd4 13. cxd4 Qb6 14. Rb1 Rc8 15.
h4 a6 16. Kg2 Qa5 17. a3 Qb6 18. Qd3 Na5 19. b3 Nb8 20. Rh1 Nbc6 21. b4 Nc4 22.
Rb3 Qa7 23. Rd1 b5 24. Bg5 Rb8 25. Bxe7 Qxe7 26. Ng5 a5 27. Bg4 axb4 28. axb4
Ra8 29. Qb1 Rf8 30. Nh7 Rh8 31. Ng5 Rf8 32. Rf3 Ra7 33. Bxe6 fxe6 34. Qxg6+ Kd7
35. Rxf8 Qxf8 36. Qxe6+ Kc7 37. Qxd5 Qxb4 38. Rd3 Kb6 39. Rf3 Nd2 40. Rd3 Nc4
41. Ne6 Ra3 42. Nd8 Nxd8 43. Qxd8+ Kb7 44. Rxa3 Qxa3 45. e6 Qd3 46. e7 Qe4+ 47.
Kh2 Qe2 48. Qd7+ Kb6 49. e8=Q Qxf2+ 50. Kh3 Qf1+ 51. Kg4 Qd1+ 52. Kf5 Qf3+ 53.
Kg6 Qxg3+ 54. Kh7 Qxh4+ 55. Kg8 Qg5 56. Qa8 1-0

[Event "Southend Masters"]
[Site "Southend"]
[Date "2024.03.30"]
[Round "5.5"]
[White "Kirk, Ezra"]
[Black "Badacsonyi, Stanley"]
[Result "1-0"]
[WhiteElo "2407"]
[BlackElo "2196"]
[PlyCount "69"]
[EventDate "2024.03.28"]
[EventType "swiss"]
[EventRounds "9"]
[EventCountry "ENG"]
[SourceTitle "BritBase"]
[Source "John Saunders"]
[SourceDate "2024.05.09"]
[SourceVersion "1"]
[SourceVersionDate "2024.05.09"]
[SourceQuality "1"]

1. e4 e6 2. d4 d5 3. Nd2 Nf6 4. e5 Nfd7 5. f4 c5 6. c3 Nc6 7. Ndf3 a5 8. a3
cxd4 9. cxd4 a4 10. Bd3 Nb6 11. h4 Bd7 12. Ne2 Na5 13. Rb1 Nbc4 14. f5 Nb3 15.
O-O Qb6 16. Kh1 Be7 17. Bxc4 dxc4 18. Bg5 Bc6 19. Bxe7 Kxe7 20. f6+ gxf6 21.
exf6+ Kf8 22. Nf4 Rd8 23. Ng5 h5 24. Qe2 Nxd4 25. Qe3 e5 26. Qxe5 Re8 27. Ng6+
Kg8 28. Ne7+ Kf8 29. Rbd1 Qxb2 30. Qg3 Qxg2+ 31. Qxg2 Bxg2+ 32. Kxg2 Nc2 33.
Rd7 Ne3+ 34. Kf3 Ng4 35. Ne6+ 1-0

[Event "Southend Masters"]
[Site "Southend"]
[Date "2024.03.30"]
[Round "5.6"]
[White "Wong, Jianwen"]
[Black "Jackson, James P"]
[Result "1-0"]
[WhiteElo "2254"]
[BlackElo "2371"]
[PlyCount "113"]
[EventDate "2024.03.28"]
[EventType "swiss"]
[EventRounds "9"]
[EventCountry "ENG"]
[SourceTitle "BritBase"]
[Source "John Saunders"]
[SourceDate "2024.05.09"]
[SourceVersion "1"]
[SourceVersionDate "2024.05.09"]
[SourceQuality "1"]

1. g3 g6 2. Bg2 Bg7 3. c4 Nf6 4. Nc3 O-O 5. d3 d6 6. Rb1 h6 7. h3 e5 8. e4 Nc6
9. Nge2 Nd7 10. Nd5 Nc5 11. Be3 a5 12. O-O Nd4 13. Kh2 c6 14. Ndc3 f5 15. f4
Be6 16. b3 Bf7 17. Qd2 Kh7 18. Rbe1 Qd7 19. exf5 gxf5 20. Bg1 Nxe2 21. Nxe2 e4
22. dxe4 Nxe4 23. Bxe4 fxe4 24. Bd4 Rg8 25. f5 a4 26. Nc3 axb3 27. axb3 d5 28.
Bxg7 Rxg7 29. Nxe4 Qd8 30. cxd5 cxd5 31. Nf2 h5 32. Nd3 Qf6 33. Ne5 Be8 34. Rf2
Ra3 35. Re3 Ra1 36. Qd4 Rc1 37. Qf4 d4 38. Ree2 Rc3 39. Nf3 Bd7 40. g4 hxg4 41.
hxg4 Rxb3 42. Kg1 Qxf5 43. Rh2+ Kg8 44. Qb8+ Bc8 45. Re8+ Kf7 46. Qc7+ Bd7 47.
Qc4+ Kxe8 48. Qxb3 Qxg4+ 49. Kf1 Rg8 50. Re2+ Kd8 51. Qxb7 d3 52. Qb8+ Bc8 53.
Qb6+ Kd7 54. Ne5+ Ke7 55. Qc5+ Kd8 56. Nf7+ Kd7 57. Qd6# 1-0

[Event "Southend Masters"]
[Site "Southend"]
[Date "2024.03.30"]
[Round "5.7"]
[White "Lalic, Bogdan"]
[Black "Badacsonyi, Frankie"]
[Result "1/2-1/2"]
[WhiteElo "2354"]
[BlackElo "2160"]
[PlyCount "34"]
[EventDate "2024.03.28"]
[EventType "swiss"]
[EventRounds "9"]
[EventCountry "ENG"]
[SourceTitle "BritBase"]
[Source "John Saunders"]
[SourceDate "2024.05.09"]
[SourceVersion "1"]
[SourceVersionDate "2024.05.09"]
[SourceQuality "1"]

1. Nf3 d5 2. d4 Nf6 3. c4 c6 4. Nc3 e6 5. Bg5 h6 6. Bxf6 Qxf6 7. e3 Nd7 8. Rc1
g6 9. Bd3 dxc4 10. Bxc4 Bg7 11. O-O O-O 12. e4 e5 13. d5 Nb6 14. Bb3 Bg4 15. h3
Bxf3 16. Qxf3 Qxf3 17. gxf3 Rfd8 1/2-1/2

[Event "Southend Masters"]
[Site "Southend"]
[Date "2024.03.30"]
[Round "5.8"]
[White "Kalavannan, Koby"]
[Black "Gallagher, Daniel GH"]
[Result "1-0"]
[WhiteElo "2324"]
[BlackElo "2219"]
[PlyCount "117"]
[EventDate "2024.03.28"]
[EventType "swiss"]
[EventRounds "9"]
[EventCountry "ENG"]
[SourceTitle "BritBase"]
[Source "John Saunders"]
[SourceDate "2024.05.09"]
[SourceVersion "1"]
[SourceVersionDate "2024.05.09"]
[SourceQuality "1"]

1. d4 Nf6 2. c4 g6 3. Nc3 Bg7 4. e4 d6 5. Be2 O-O 6. h4 c5 7. d5 h5 8. Nf3 e6
9. Bg5 Re8 10. O-O exd5 11. Nxd5 Nbd7 12. Nd2 Nf8 13. f4 N8h7 14. e5 dxe5 15.
Ne4 Nxg5 16. Nexf6+ Bxf6 17. fxg5 Bg7 18. Qa4 Be6 19. Rad1 Bxd5 20. Rxd5 Qb6
21. Rd7 Rf8 22. Bf3 e4 23. Bxe4 Qe6 24. Bf3 Qe3+ 25. Kh2 Be5+ 26. g3 Rad8 27.
Rd5 b5 28. Qxa7 Rxd5 29. cxd5 Bd6 30. Qd7 Qe5 31. Rg1 Qxb2+ 32. Rg2 Qe5 33.
Qxb5 Qd4 34. Kh3 Rb8 35. Qe2 Rb4 36. Qe8+ Kg7 37. Qe1 Rc4 38. Re2 Rc3 39. Kg2
Rd3 40. Qf2 Qc3 41. Rc2 Qe5 42. Re2 Qc3 43. a4 c4 44. Qb6 Be5 45. Qf2 Bd6 46.
Ra2 Qa5 47. Qe2 Qc5 48. a5 Re3 49. Qf2 c3 50. a6 Qa7 51. Qc2 Bc5 52. Ra4 Kg8
53. Rc4 Bd6 54. Rc6 Be5 55. Qf2 Bd4 56. Qf1 Qb8 57. d6 Qb2+ 58. Kh3 Bb6 59. Bd5
1-0

[Event "Southend Masters"]
[Site "Southend"]
[Date "2024.03.30"]
[Round "5.9"]
[White "Lim, Zhuo Ren"]
[Black "Browning, Alex"]
[Result "1-0"]
[WhiteElo "2290"]
[BlackElo "2313"]
[PlyCount "89"]
[EventDate "2024.03.28"]
[EventType "swiss"]
[EventRounds "9"]
[EventCountry "ENG"]
[SourceTitle "BritBase"]
[Source "John Saunders"]
[SourceDate "2024.05.09"]
[SourceVersion "1"]
[SourceVersionDate "2024.05.09"]
[SourceQuality "1"]

1. Nf3 g6 2. g3 Bg7 3. d4 d6 4. Bg2 Nd7 5. c4 e5 6. Nc3 Ne7 7. dxe5 dxe5 8. Qc2
O-O 9. h4 Nc5 10. Be3 Ne6 11. Rd1 Qe8 12. h5 Nf5 13. hxg6 fxg6 14. Bd2 Bd7 15.
e3 Rd8 16. O-O Nd6 17. b3 Nc5 18. Nh2 Bf5 19. e4 Bd7 20. Bg5 Ne6 21. Bxd8 Qxd8
22. Nf3 Nd4 23. Nxd4 exd4 24. Nd5 Nf7 25. f4 a5 26. e5 c6 27. Nf6+ Bxf6 28.
exf6 Qxf6 29. Qe4 c5 30. Qxb7 Bg4 31. Bf3 Bh3 32. Rfe1 g5 33. Qe7 Qg7 34. fxg5
Qxg5 35. Qxg5+ Nxg5 36. Bd5+ Kg7 37. Bg2 Nf3+ 38. Bxf3 Rxf3 39. Re5 Rf5 40.
Rde1 Kf6 41. Rd5 Bg4 42. Rf1 Rf3 43. Rxc5 Ke6 44. Rxf3 Bxf3 45. Kf2 1-0

[Event "Southend Masters"]
[Site "Southend"]
[Date "2024.03.30"]
[Round "5.10"]
[White "Gomez Aguirre, Juan Alberto"]
[Black "Kawulok, Marek"]
[Result "1-0"]
[WhiteElo "2196"]
[BlackElo "2245"]
[PlyCount "109"]
[EventDate "2024.03.28"]
[EventType "swiss"]
[EventRounds "9"]
[EventCountry "ENG"]
[SourceTitle "BritBase"]
[Source "John Saunders"]
[SourceDate "2024.05.09"]
[SourceVersion "1"]
[SourceVersionDate "2024.05.09"]
[SourceQuality "1"]

1. d4 Nf6 2. c4 e6 3. Nc3 Bb4 4. e3 O-O 5. Bd2 d5 6. Nf3 b6 7. cxd5 exd5 8. Rc1
Re8 9. Bd3 Bb7 10. O-O Bf8 11. Ne5 c5 12. f4 Nc6 13. Ne2 Ne4 14. Bxe4 dxe4 15.
Nxc6 Bxc6 16. dxc5 bxc5 17. Bc3 Qd3 18. Kf2 Rad8 19. Ng3 Qxd1 20. Rfxd1 Rd3 21.
Rxd3 exd3 22. b3 a5 23. Rd1 Rd8 24. e4 a4 25. Ke3 axb3 26. axb3 Bb5 27. e5 Ra8
28. Ra1 Rxa1 29. Bxa1 c4 30. bxc4 Bxc4 31. Ne4 Ba3 32. Bc3 Bc1+ 33. Bd2 Ba3 34.
Kd4 Ba6 35. Nf2 Bb2+ 36. Ke3 g5 37. g3 gxf4+ 38. gxf4 Kf8 39. Nxd3 Bxd3 40.
Kxd3 Ke7 41. Bc3 Bxc3 42. Kxc3 Ke6 43. Kd4 Kf5 44. Ke3 f6 45. exf6 Kxf6 46. Ke4
Ke6 47. f5+ Kf6 48. Kf4 Kf7 49. Ke5 Ke7 50. f6+ Kf7 51. Kf5 Kf8 52. Ke6 Ke8 53.
f7+ Kf8 54. Kf6 h6 55. h4 1-0

[Event "Southend Masters"]
[Site "Southend"]
[Date "2024.03.30"]
[Round "5.11"]
[White "Agdelen, Huseyin Can"]
[Black "Villiers, Thomas"]
[Result "1-0"]
[WhiteElo "2408"]
[BlackElo "2225"]
[PlyCount "65"]
[EventDate "2024.03.28"]
[EventType "swiss"]
[EventRounds "9"]
[EventCountry "ENG"]
[SourceTitle "BritBase"]
[Source "John Saunders"]
[SourceDate "2024.05.09"]
[SourceVersion "1"]
[SourceVersionDate "2024.05.09"]
[SourceQuality "1"]

1. e4 c5 2. Nf3 d6 3. d4 cxd4 4. Nxd4 Nf6 5. Nc3 a6 6. h3 e5 7. Nb3 Be6 8. f4
Nbd7 9. f5 Bxb3 10. axb3 Rc8 11. Qf3 Nb6 12. Bg5 Be7 13. O-O-O Rc6 14. g4 Nfd7
15. Be3 Bg5 16. Rh2 h5 17. Rhd2 hxg4 18. hxg4 Qe7 19. Kb1 Rh4 20. Be2 f6 21.
Na2 Bxe3 22. Qxe3 a5 23. Bb5 Rxg4 24. Bxc6 bxc6 25. Rxd6 Nd5 26. Qh3 Rxe4 27.
Re6 Qxe6 28. fxe6 Nf8 29. Qh8 Rg4 30. Nc3 Ke7 31. Nxd5+ cxd5 32. Rxd5 Kxe6 33.
Rxa5 1-0

[Event "Southend Masters"]
[Site "Southend"]
[Date "2024.03.30"]
[Round "5.12"]
[White "Bezuidenhout, Roland"]
[Black "Ribeiro, Gustavo"]
[Result "1/2-1/2"]
[WhiteElo "2273"]
[BlackElo "2220"]
[PlyCount "102"]
[EventDate "2024.03.28"]
[EventType "swiss"]
[EventRounds "9"]
[EventCountry "ENG"]
[SourceTitle "BritBase"]
[Source "John Saunders"]
[SourceDate "2024.05.09"]
[SourceVersion "1"]
[SourceVersionDate "2024.05.09"]
[SourceQuality "1"]

1. e4 e5 2. Nf3 Nc6 3. Bc4 Nf6 4. d3 Be7 5. a4 d6 6. c3 O-O 7. Nbd2 Na5 8. Ba2
c5 9. O-O Nc6 10. Re1 Be6 11. Nc4 h6 12. Ne3 Re8 13. Bxe6 fxe6 14. Nf1 Qd7 15.
Ng3 Rac8 16. h3 a6 17. Nh2 Kh7 18. Ng4 Rf8 19. Be3 d5 20. Bd2 Rcd8 21. exd5
Qxd5 22. Nxf6+ Rxf6 23. Be3 Rg6 24. Qc2 Nb8 25. Rad1 Bh4 26. Ne4 Nd7 27. g3 Rf8
28. Kh2 Bd8 29. Qe2 Nf6 30. Nxc5 Be7 31. b4 b6 32. Nxa6 Qb7 33. b5 Nd5 34. Bd2
Nf4 35. Bxf4 exf4 36. Qe4 fxg3+ 37. fxg3 Rf2+ 38. Kg1 Qxe4 39. Rxe4 Rc2 40. g4
Rxc3 41. Rde1 Bh4 42. Rd1 Rf6 43. Rf1 Rxd3 44. Rxf6 Bxf6 45. Rxe6 Rxh3 46. Rxb6
Rg3+ 47. Kf2 Rxg4 48. Rxf6 gxf6 49. b6 Rxa4 50. b7 Ra2+ 51. Kf3 Rb2 1/2-1/2

[Event "Southend Masters"]
[Site "Southend"]
[Date "2024.03.30"]
[Round "5.13"]
[White "Jones, Steven A"]
[Black "Haydon, David L"]
[Result "0-1"]
[WhiteElo "2217"]
[BlackElo "2241"]
[PlyCount "121"]
[EventDate "2024.03.28"]
[EventType "swiss"]
[EventRounds "9"]
[EventCountry "ENG"]
[SourceTitle "BritBase"]
[Source "John Saunders"]
[SourceDate "2024.05.09"]
[SourceVersion "1"]
[SourceVersionDate "2024.05.09"]
[SourceQuality "1"]

1. e4 e6 2. d4 d5 3. Nc3 dxe4 4. Nxe4 Bd7 5. Nf3 Bc6 6. Bd3 Nd7 7. O-O Ngf6 8.
Ng3 Bxf3 9. Qxf3 c6 10. Re1 Be7 11. c4 O-O 12. Bd2 Qb6 13. Bc3 Bb4 14. Bf1 Rad8
15. Rab1 Rfe8 16. Red1 Bxc3 17. Qxc3 Qc7 18. b4 b6 19. Qf3 Nf8 20. Bd3 Ng6 21.
Ne4 Nxe4 22. Bxe4 Ne7 23. Rb3 h6 24. Bc2 b5 25. Qe4 Ng6 26. Rc3 Qd6 27. c5 Qc7
28. g3 Rd7 29. h4 Red8 30. h5 Nf8 31. Bb3 Nh7 32. a3 Nf6 33. Qh4 a5 34. Rf3 a4
35. Ba2 Nh7 36. Rfd3 Nf6 37. Qh1 Rd5 38. Bxd5 Rxd5 39. Qf3 Rf5 40. Qe2 Rxh5 41.
Re3 Rd5 42. Re5 Rd8 43. Kg2 Qe7 44. f4 Nd5 45. Qf3 Qf6 46. Rd3 g6 47. Qe4 Kg7
48. Rf3 h5 49. Rd3 Ne7 50. Rg5 Rh8 51. Qe5 h4 52. g4 Nd5 53. Rf3 h3+ 54. Kh2
Rh4 55. Qe1 Rh8 56. Qf2 Qd8 57. Re5 Nf6 58. Rg3 Rh4 59. Qf3 Qxd4 60. Re2 g5 61.
Rf2 0-1